Statistics for Guess the Artist from the Song

Click here to take the quiz!

General Stats

  • This quiz has been taken 227 times
  • The average score is 12 of 26

Answer Stats

HintAnswer% Correct
Bohemian RhapsodyQueen
86%
SkyfallAdele
82%
Viva la VidaColdplay
82%
22Taylor Swift
67%
American IdiotGreen Day
65%
Sexy BackJustin Timberlake
65%
Counting StarsOneRepublic
64%
A-TeamEd Sheeran
63%
Stayin' AliveBee Gees
61%
Ice Ice BabyVanilla Ice
59%
Mr. BrightsideThe Killers
54%
Welcome to the JungleGuns 'n Roses
49%
Piano ManBilly Joel
48%
Eye of the TigerSurvivor
44%
IrisThe Goo Goo Dolls
43%
The Black ParadeMy Chemical Romance
42%
Dream OnAerosmith
40%
Take a BowRihanna
40%
Ring of FireJohnny Cash
36%
Let There Be RockAC/DC
26%
DaylightMaroon 5
21%
NaturallySelena Gomez
21%
Sharp Dressed ManZZ Top
19%
Aint No Rest for the WickedCage the Elephant
17%
The PhoenixFall Out Boy
17%
Blown AwayCarrie Underwood
13%

Score Distribution

Percentile by Number Answered

Percent of People with Each Score

Your Score History

You have not taken this quiz